¿Tiene futuro la democracia? /

El autor analiza las posibilidades de la democracia, se recalca que lo hace desde una perspectiva en la cual el sentimiento está por encima de lo teórico. Se entiende la democracia como una aspiración del género humano y la libertad como algo que debe descubrirse todos los días. El libro es una com...

وصف كامل

محفوظ في:
التفاصيل البيبلوغرافية
المؤلف الرئيسي: Obregón Valverde, Enrique
التنسيق: غير معروف
اللغة:Spanish
منشور في: Costa Rica : EUNED 2002
الموضوعات:
الوسوم: إضافة وسم
لا توجد وسوم, كن أول من يضع وسما على هذه التسجيلة!

MARC

LEADER 00000 a2200000 04500
001 48186
003 cru CIDCACS/IIS
005 20230626080703.0
008 050624s2002 cr spa d
020 |a 9968-31-198-7  
040 |c CRAI/IIS  |a CRAI/IIS 
090 |a 04.02.02 O13t  
100 |a Obregón Valverde, Enrique  
245 |a ¿Tiene futuro la democracia? /   |c Enrique Obregón Valverde  
260 |a Costa Rica :   |b EUNED   |c 2002 
300 |a 241 páginas  
520 |a El autor analiza las posibilidades de la democracia, se recalca que lo hace desde una perspectiva en la cual el sentimiento está por encima de lo teórico. Se entiende la democracia como una aspiración del género humano y la libertad como algo que debe descubrirse todos los días. El libro es una compilación de artículos, ideas y citas antiguas con nuevos apuntes, a lo largo del contenido del documento se discute y se filosofa sobre la democracia, sus campos, implicaciones, formas de ejercerla, su transición a través de los años, sus amenazas, entre otros aspectos que el autor toma en cuenta para completar su obra. VSL/ 04.10.2016 
650 1 0 |9 83  |a DEMOCRACIA 
650 1 0 |9 84  |a FILOSOFIA 
650 1 0 |9 85  |a CIENCIA POLITICA 
651 1 0 |9 32  |a COSTA RICA 
942 |2 ddc  |c LI  |h 04.02.02 O13t   |i 14543  |6 040202_O13T_14543 
999 |c 7077  |d 7077